Legislación ambiental : Proyecto propuesta de regularización ambiental del Residencial Las Brisas
El presente estudio está basado en el análisis y comparación, tratando de dar una propuesta de mejoramiento de la calidad de vida a los pobladores. Establece los principales problemas que están relacionados con la calidad de vida y la vivienda social a los pobladores del área de estudió. Toman...
| Main Author: | |
|---|---|
| Other Authors: | |
| Format: | Tesis Section = Libro |
| Language: | Undetermined Spanish |
| Published: |
Managua
UNI
2003
|
| Subjects: |
| LEADER | 01416nam a2200241Ia 4500 | ||
|---|---|---|---|
| 008 | 240830s9999 xx 000 0 und d | ||
| 040 | |a BIBLIOTECA-RUSB/ T.Mon 333.7 D542 | ||
| 041 | |a spa | ||
| 082 | |a T.Mon 333.7 D542 | ||
| 100 | 1 | |a Díaz López, Álvaro Steven | |
| 245 | 1 | 0 | |a Legislación ambiental : Proyecto propuesta de regularización ambiental del Residencial Las Brisas |
| 260 | |a Managua |b UNI |c 2003 | ||
| 300 | |a 116 p. :il. | ||
| 502 | |a Tesis (Especialista en Vivienda Social y Calidad de Vida) - UNI, 2003. | ||
| 520 | 3 | |a El presente estudio está basado en el análisis y comparación, tratando de dar una propuesta de mejoramiento de la calidad de vida a los pobladores. Establece los principales problemas que están relacionados con la calidad de vida y la vivienda social a los pobladores del área de estudió. Tomando como referencia el marco jurídico normativo. Presenta un modelo jurídico ambiental que permita el desarrollo correcto del poblado y que mejore la calidad de vida, tomando como directriz los elementos legales, existentes. | |
| 650 | 7 | |a MEDIO AMBIENTE - LEGISLACION - LAS BRISAS | |
| 650 | 7 | |b CALIDAD DE VIDA - VIVIENDA SOCIAL - LAS BRISAS | |
| 650 | 7 | |c PROPUESTA DE REGULACION AMBIENTAL - LAS BRISAS | |
| 650 | 7 | |d LEYES DECRETOS Y NORMAS JURIDICAS | |
| 700 | 1 | |a Tutor: |b Mendoza Velásquez, Francisco Antonio | |
| 942 | |c BK |2 ddc | ||
| 991 | |a TESIS | ||
| 999 | |c 21674 | ||